000
00279nam a22001097a 4500
008
170112b xxu||||| |||| 00| 0 eng d
020
_a
9780397548316
041
_a
eng
080
_2
4TH
_a
618.2
245
_a
A MANUAL OF LABORATORY & DIAGNOSTIC TESTS
_c
FISCHBACH, F
942
_2
udc
_c
BK
999
_c
2737
_d
2737